000
00315nam a22001337a 4500
020
_a
978-1-78186-367-1
082
_a
823
_b
DIS/A
100
_a
DISNEY
245
_a
ALADDIN
_b
THE MAGICAL STORY
260
_a
UNITED KINGDOM
_b
DISNEY
_c
2012
300
_a
30
650
_a
CHILDREN'S STORY BOOK
_z
UNITED KINGDOM
942
_c
BK
999
_c
236
_d
236